[Event "Gibraltar ChallWk1 13th"]
[Site "Gibraltar"]
[Date "2015.01.27"]
[Round "2.7"]
[White "Scharrer, Patrick"]
[Black "Osuna Vega, Enrique"]
[Result "0-1"]
[WhiteElo "2231"]
[BlackElo "2108"]
[PlyCount "64"]
[EventDate "2015.01.26"]
[EventType "swiss"]
[EventRounds "5"]
[EventCountry "GGB"]
[SourceTitle "BritBase"]
[Source "www.saund.co.uk"]
[SourceDate "2018.02.10"]
[SourceVersion "1"]
[SourceVersionDate "2018.02.10"]
[SourceQuality "1"]
[TimeControl "7200+1880"]
[WhiteClock "0:00:20"]
[BlackClock "0:01:18"]

1. e4 d6 2. d4 Nf6 3. Nc3 e5 4. Nf3 Nbd7 5. Bc4 Be7 6. O-O O-O 7. Re1 c6 8. a4
a5 9. h3 Nb6 10. Bb3 Nfd7 11. Be3 exd4 12. Nxd4 Nc5 13. Qf3 Nxb3 14. cxb3 Be6
15. Rad1 Nd7 16. Qg3 Kh8 17. Re2 Qc7 18. f4 Nf6 19. Qf3 c5 20. Ncb5 Qb6 21.
Nxe6 fxe6 22. f5 d5 23. fxe6 dxe4 24. Qg3 Qxe6 25. Nc7 Qxb3 26. Rc1 Rad8 27.
Rc3 Rd1+ 28. Kh2 Qxa4 29. Ne6 Bd6 30. Bf4 Nh5 31. Qg4 Bxf4+ 32. g3 Qa1 0-1

[Event "Gibraltar ChallWk1 13th"]
[Site "Gibraltar"]
[Date "2015.01.27"]
[Round "2.8"]
[White "Schouten, Freek"]
[Black "Urbina Perez, Juan Antonio"]
[Result "0-1"]
[WhiteElo "2039"]
[BlackElo "2221"]
[PlyCount "90"]
[EventDate "2015.01.26"]
[EventType "swiss"]
[EventRounds "5"]
[EventCountry "GGB"]
[SourceTitle "BritBase"]
[Source "www.saund.co.uk"]
[SourceDate "2018.02.10"]
[SourceVersion "1"]
[SourceVersionDate "2018.02.10"]
[SourceQuality "1"]
[TimeControl "7200+1195"]
[WhiteClock "0:00:20"]
[BlackClock "0:05:55"]

1. d4 d5 2. Nf3 Nf6 3. g3 c5 4. c3 e6 5. Bg2 Nc6 6. O-O Qb6 7. e3 Bd7 8. Nbd2
Bd6 9. Re1 O-O 10. Qb3 cxd4 11. exd4 Qc7 12. Nf1 Rac8 13. Be3 Na5 14. Qc2 b5
15. Qd3 Nc4 16. Re2 a5 17. Rc1 Qb6 18. b3 Nxe3 19. Nxe3 Rc7 20. Ne5 Bc8 21.
Rec2 Ba6 22. Kh1 Rfc8 23. f3 h6 24. Bf1 Bxe5 25. dxe5 Nd7 26. Qd4 Qb7 27. Kg2
Nb8 28. h4 Nc6 29. Qf4 Ne7 30. Bd3 b4 31. c4 dxc4 32. Bxc4 Bxc4 33. Rxc4 Rxc4
34. Rxc4 Rd8 35. h5 Qd7 36. Kh3 Qd3 37. g4 Qd2 38. Ng2 Qd1 39. Rc7 Kf8 40. Qe4
Nd5 41. Ra7 Nc3 42. Qh7 Qh1+ 43. Kg3 Ne2+ 44. Kf2 Qg1+ 45. Kxe2 Qxg2+ 0-1

[Event "Gibraltar ChallWk1 13th"]
[Site "Gibraltar"]
[Date "2015.01.27"]
[Round "2.9"]
[White "Perez Garcia, Alejandro"]
[Black "Verneuil, Pascal"]
[Result "1/2-1/2"]
[WhiteElo "2207"]
[BlackElo "2093"]
[PlyCount "83"]
[EventDate "2015.01.26"]
[EventType "swiss"]
[EventRounds "5"]
[EventCountry "GGB"]
[SourceTitle "BritBase"]
[Source "www.saund.co.uk"]
[SourceDate "2018.02.10"]
[SourceVersion "1"]
[SourceVersionDate "2018.02.10"]
[SourceQuality "1"]
[TimeControl "7200+4990"]
[WhiteClock "0:00:17"]
[BlackClock "1:00:20"]

1. c4 e5 2. Nc3 d6 3. g3 f5 4. Bg2 Nf6 5. d3 Be7 6. Rb1 O-O 7. b4 Qe8 8. a4 Kh8
9. a5 Bd8 10. Qc2 Nc6 11. Bd2 Nd4 12. Qa2 e4 13. Be3 c5 14. Bxd4 cxd4 15. Nb5
exd3 16. Nxd6 Qe5 17. c5 Be6 18. Qb2 Bd5 19. Bxd5 Qxd5 20. Nf3 Ne4 21. Qb3 Qxb3
22. Rxb3 b6 23. exd3 Nxd6 24. cxd6 bxa5 25. O-O axb4 26. Rxb4 a5 27. Ra4 Ra6
28. d7 Ra7 29. Ne5 Bf6 30. f4 Bxe5 31. fxe5 Rxd7 32. Rxa5 g6 33. Kg2 Rc8 34.
Kf3 Kg7 35. Kf4 Rc2 36. h4 Rd2 37. Rf3 Re2 38. Ra6 Re7 39. Ra5 Rd7 40. Ra6 Re7
41. Ra5 Rd7 42. Ra6 1/2-1/2

[Event "Gibraltar ChallWk1 13th"]
[Site "Gibraltar"]
[Date "2015.01.27"]
[Round "2.10"]
[White "Nilsen, Martin"]
[Black "Janev, Pavel"]
[Result "0-1"]
[WhiteElo "2011"]
[BlackElo "2196"]
[PlyCount "42"]
[EventDate "2015.01.26"]
[EventType "swiss"]
[EventRounds "5"]
[EventCountry "GGB"]
[SourceTitle "BritBase"]
[Source "www.saund.co.uk"]
[SourceDate "2018.02.10"]
[SourceVersion "1"]
[SourceVersionDate "2018.02.10"]
[SourceQuality "1"]
[TimeControl "6600+2205"]
[WhiteClock "0:00:15"]
[BlackClock "0:55:17"]

1. e4 c5 2. b3 Nc6 3. Bb2 e6 4. Nf3 Nf6 5. Nc3 d5 6. exd5 exd5 7. Bb5 d4 8. Ne5
dxc3 9. Qe2 Qxd2+ 10. Qxd2 cxd2+ 11. Kxd2 Bd7 12. Bxc6 Bxc6 13. Nxc6 bxc6 14.
Rhe1+ Be7 15. Kd3 O-O-O+ 16. Kc4 Nd5 17. Bxg7 Rhg8 18. Be5 Rg4+ 19. f4 Nxf4 20.
Kc3 Ng6 21. Bg7 Rg8 0-1

[Event "Gibraltar ChallWk1 13th"]
[Site "Gibraltar"]
[Date "2015.01.27"]
[Round "2.11"]
[White "Agrest, Inna"]
[Black "Yu, Jonathan"]
[Result "1-0"]
[WhiteElo "2179"]
[BlackElo "2081"]
[PlyCount "61"]
[EventDate "2015.01.26"]
[EventType "swiss"]
[EventRounds "5"]
[EventCountry "GGB"]
[SourceTitle "BritBase"]
[Source "www.saund.co.uk"]
[SourceDate "2018.02.10"]
[SourceVersion "1"]
[SourceVersionDate "2018.02.10"]
[SourceQuality "1"]
[TimeControl "7200+845"]
[WhiteClock "0:28:39"]
[BlackClock "0:09:47"]

1. e4 e6 2. d4 d5 3. Nc3 Bb4 4. Nge2 dxe4 5. a3 Bxc3+ 6. Nxc3 f5 7. Bf4 Nf6 8.
Qd2 O-O 9. Bc4 c6 10. f3 exf3 11. gxf3 b5 12. Bb3 Nd5 13. Rg1 Nxf4 14. Qxf4 Qf6
15. O-O-O Na6 16. Ne2 Kh8 17. Ng3 g6 18. h4 Bb7 19. Ne2 c5 20. h5 g5 21. Rxg5
Bxf3 22. Rg6 hxg6 23. hxg6 Rfd8 24. Qh6+ Kg8 25. Bxe6+ Qxe6 26. Qh7+ Kf8 27.
g7+ Ke8 28. g8=Q+ Qxg8 29. Qxg8+ Kd7 30. dxc5+ Ke7 31. Qg7+ 1-0

[Event "Gibraltar ChallWk1 13th"]
[Site "Gibraltar"]
[Date "2015.01.27"]
[Round "2.12"]
[White "Nieto Asencio, Maria Del Carme"]
[Black "Elishev, Ivan"]
[Result "1/2-1/2"]
[WhiteElo "1985"]
[BlackElo "2153"]
[PlyCount "87"]
[EventDate "2015.01.26"]
[EventType "swiss"]
[EventRounds "5"]
[EventCountry "GGB"]
[SourceTitle "BritBase"]
[Source "www.saund.co.uk"]
[SourceDate "2018.02.10"]
[SourceVersion "1"]
[SourceVersionDate "2018.02.10"]
[SourceQuality "1"]
[TimeControl "7200+1785"]
[WhiteClock "0:08:51"]
[BlackClock "0:01:52"]

1. d4 Nf6 2. Nf3 g6 3. Nc3 d5 4. Bf4 Bg7 5. Qd2 Ne4 6. Nxe4 dxe4 7. Ne5 c5 8.
e3 O-O 9. Bc4 Nd7 10. Nxd7 Qxd7 11. c3 Rd8 12. Qe2 a6 13. a4 b6 14. O-O Bb7 15.
Rfd1 cxd4 16. cxd4 Bc6 17. Bb3 e6 18. Rdc1 Rdc8 19. h3 Bf8 20. Be5 Bd6 21. Bxd6
Qxd6 22. Bc4 Bb7 23. Qe1 Rc7 24. Bb3 Rac8 25. Rxc7 Qxc7 26. Qb4 a5 27. Qb5 Bc6
28. Qc4 Bd7 29. Qxc7 Rxc7 30. Kf1 Kf8 31. Ke1 Ke7 32. Kd2 Kd6 33. Ra3 f5 34. h4
h6 35. Ra1 Be8 36. Rc1 Rxc1 37. Kxc1 g5 38. hxg5 hxg5 39. g3 Bd7 40. Kd2 Bc6
41. Kc3 Bd7 42. Bd1 Bc6 43. Bb3 Bd7 44. Bd1 1/2-1/2

[Event "Gibraltar ChallWk1 13th"]
[Site "Gibraltar"]
[Date "2015.01.27"]
[Round "2.13"]
[White "Herman, Diego"]
[Black "Hamer, Martyn"]
[Result "1-0"]
[WhiteElo "2148"]
[BlackElo "2014"]
[PlyCount "105"]
[EventDate "2015.01.26"]
[EventType "swiss"]
[EventRounds "5"]
[EventCountry "GGB"]
[SourceTitle "BritBase"]
[Source "www.saund.co.uk"]
[SourceDate "2018.02.10"]
[SourceVersion "1"]
[SourceVersionDate "2018.02.10"]
[SourceQuality "1"]
[TimeControl "6600+620"]
[WhiteClock "0:01:03"]
[BlackClock "0:04:00"]

1. Nc3 Nf6 2. e4 d5 3. e5 Ne4 4. Qf3 Nxc3 5. dxc3 c5 6. Nh3 Bxh3 7. Qxh3 e6 8.
Bb5+ Nc6 9. Bxc6+ bxc6 10. O-O h5 11. Re1 g6 12. Be3 Be7 13. Rad1 Qa5 14. a3
Qa4 15. b3 Qxa3 16. Bd2 Qa6 17. Ra1 Qb5 18. c4 dxc4 19. Ra5 Qb6 20. bxc4 Rd8
21. Bc3 O-O 22. Raa1 Rd7 23. Qf3 Bg5 24. Qe2 Rb8 25. g3 Qd8 26. f4 Be7 27. Qf3
Rc8 28. h3 Bf8 29. Kg2 h4 30. g4 g5 31. f5 Kg7 32. Rf1 Kh7 33. Qe4 Kg8 34. Rf2
Bg7 35. Raf1 Rd1 36. fxe6 fxe6 37. Qg6 Rxf1 38. Qxe6+ Kh8 39. Rxf1 a5 40. Bxa5
Qe8 41. Qxe8+ Rxe8 42. Bc3 Kh7 43. Rf5 Kg6 44. Kf3 Ra8 45. Ke4 Rd8 46. Rf1 Re8
47. Rd1 Re6 48. Rd7 Bf8 49. Ba5 Bg7 50. Bc7 Bf8 51. Bd6 Bg7 52. Rc7 Bh8 53.
Rxc6 1-0

[Event "Gibraltar ChallWk1 13th"]
[Site "Gibraltar"]
[Date "2015.01.27"]
[Round "2.14"]
[White "Haddock, Paul"]
[Black "Dougherty, Michael"]
[Result "0-1"]
[WhiteElo "1639"]
[BlackElo "2138"]
[PlyCount "80"]
[EventDate "2015.01.26"]
[EventType "swiss"]
[EventRounds "5"]
[EventCountry "GGB"]
[SourceTitle "BritBase"]
[Source "www.saund.co.uk"]
[SourceDate "2018.02.10"]
[SourceVersion "1"]
[SourceVersionDate "2018.02.10"]
[SourceQuality "1"]
[TimeControl "7200+835"]
[WhiteClock "0:06:49"]
[BlackClock "0:15:44"]

1. e4 c5 2. d4 cxd4 3. c3 g6 4. cxd4 d5 5. e5 Nc6 6. Nc3 Nh6 7. Bb5 Nf5 8. Nf3
e6 9. Bg5 Be7 10. Bxe7 Qxe7 11. a3 Bd7 12. O-O h5 13. Qd2 Rg8 14. Bxc6 Bxc6 15.
Rac1 a5 16. Qd3 g5 17. Nb5 g4 18. Nd6+ Kf8 19. Nxf5 exf5 20. Nd2 f4 21. g3 Qg5
22. Nb3 Rg6 23. Nc5 Kg7 24. Rfe1 b6 25. Nb3 Bd7 26. Rc7 Be6 27. gxf4 Qxf4 28.
Qe3 Qf5 29. Rb7 h4 30. Rc1 g3 31. fxg3 hxg3 32. hxg3 Qh3 33. Rc3 Rc8 34. Nc5
bxc5 35. dxc5 d4 36. Qxd4 Rxg3+ 37. Rxg3+ Qxg3+ 38. Kf1 Qf3+ 39. Ke1 Qxb7 40.
Qg1+ Kf8 0-1

[Event "Gibraltar ChallWk1 13th"]
[Site "Gibraltar"]
[Date "2015.01.27"]
[Round "2.15"]
[White "Burrows, Martin P"]
[Black "Bryant, Richard B E"]
[Result "1/2-1/2"]
[WhiteElo "2136"]
[BlackElo "1904"]
[PlyCount "50"]
[EventDate "2015.01.26"]
[EventType "swiss"]
[EventRounds "5"]
[EventCountry "GGB"]
[SourceTitle "BritBase"]
[Source "www.saund.co.uk"]
[SourceDate "2018.02.10"]
[SourceVersion "1"]
[SourceVersionDate "2018.02.10"]
[SourceQuality "1"]
[TimeControl "7200+1010"]
[WhiteClock "0:32:50"]
[BlackClock "1:12:39"]

1. e4 e6 2. d4 d5 3. Nc3 Bb4 4. e5 c5 5. a3 Ba5 6. b4 cxd4 7. Nb5 Bc7 8. f4 Nc6
9. Nf3 Nge7 10. Bd3 a6 11. Nxc7+ Qxc7 12. O-O Nf5 13. Bxf5 exf5 14. Bb2 Be6 15.
Nxd4 O-O 16. Rf3 Rac8 17. Rc1 Qb6 18. Kh1 a5 19. Nxc6 Qxc6 20. Bd4 axb4 21.
axb4 Qc4 22. c3 Ra8 23. Ra1 Ra6 24. Rxa6 Qxa6 25. Rf1 Ra8 1/2-1/2

[Event "Gibraltar ChallWk1 13th"]
[Site "Gibraltar"]
[Date "2015.01.27"]
[Round "2.16"]
[White "Byron, Alan M"]
[Black "Odeh, Kenneth"]
[Result "1-0"]
[WhiteElo "2188"]
[BlackElo "1982"]
[PlyCount "153"]
[EventDate "2015.01.26"]
[EventType "swiss"]
[EventRounds "5"]
[EventCountry "GGB"]
[SourceTitle "BritBase"]
[Source "www.saund.co.uk"]
[SourceDate "2018.02.10"]
[SourceVersion "1"]
[SourceVersionDate "2018.02.10"]
[SourceQuality "1"]
[TimeControl "7200+1435"]
[WhiteClock "0:01:56"]
[BlackClock "0:00:22"]

1. e4 c6 2. d4 d5 3. e5 c5 4. dxc5 e6 5. Be3 Nc6 6. Nf3 Nge7 7. c3 Ng6 8. Bb5
Bd7 9. Bxc6 Bxc6 10. O-O Qc7 11. Bd4 Bb5 12. Re1 Bxc5 13. a4 Bd7 14. Na3 Bxd4
15. Qxd4 O-O 16. Nc2 a6 17. h4 Rac8 18. h5 Ne7 19. Qb4 Nc6 20. Qh4 Qd8 21. Qg3
f5 22. h6 g6 23. Qf4 Qe7 24. Rec1 Na5 25. Ncd4 Rc4 26. Qg5 Qxg5 27. Nxg5 Re8
28. b3 Rcc8 29. f4 Nc6 30. Ngf3 Nd8 31. Ng5 Nc6 32. Ngf3 Nd8 33. Ng5 Nc6 34.
Nxc6 Rxc6 35. Rc2 Rec8 36. Rac1 R8c7 37. Nf3 Kf7 38. Kf2 Rc8 39. Ke3 Rc5 40.
Kd2 R5c7 41. Kd3 Rc5 42. Kd2 R5c7 43. Rg1 b5 44. axb5 Bxb5 45. Ng5+ Ke7 46. Rh1
Rh8 47. Nf3 Kd7 48. Nd4 Bc6 49. Ra1 Bb7 50. Ra5 Rhc8 51. Kd3 Rb8 52. g3 Bc8 53.
b4 Rb6 54. Nb3 Ke7 55. Nc5 Kf7 56. Rca2 Rcc6 57. Kd4 g5 58. fxg5 Kg6 59. b5
Rxb5 60. Rxb5 axb5 61. Ra7 Kxg5 62. Rxh7 Kg6 63. Rh8 Kf7 64. Rd8 Kg6 65. Rd6
Rxd6 66. exd6 Kxh6 67. Ke5 Kg5 68. Nxe6+ Kg4 69. Nd4 Kxg3 70. Nxf5+ Kf3 71.
Nd4+ Ke3 72. Nxb5 Bd7 73. Nc7 Kd3 74. Nxd5 Kc2 75. c4 Kb3 76. c5 Ka4 77. Nb6+
1-0

[Event "Gibraltar ChallWk1 13th"]
[Site "Gibraltar"]
[Date "2015.01.27"]
[Round "2.18"]
[White "Gonzalez Gonzalez, Alfonso"]
[Black "Isherwood, Paul"]
[Result "1-0"]
[WhiteElo "2160"]
[BlackElo "2002"]
[PlyCount "67"]
[EventDate "2015.01.26"]
[EventType "swiss"]
[EventRounds "5"]
[EventCountry "GGB"]
[SourceTitle "BritBase"]
[Source "www.saund.co.uk"]
[SourceDate "2018.02.10"]
[SourceVersion "1"]
[SourceVersionDate "2018.02.10"]
[SourceQuality "1"]

1. d4 d6 2. b3 Nf6 3. Bb2 c6 4. Nf3 Qc7 5. Nbd2 Bg4 6. h3 Bxf3 7. Nxf3 Nbd7 8.
g4 h6 9. Bg2 e5 10. O-O O-O-O 11. c4 Kb8 12. e3 Be7 13. Rc1 g5 14. c5 e4 15.
cxd6 Bxd6 16. Nd2 Rhe8 17. Qc2 h5 18. gxh5 g4 19. h4 g3 20. f4 Ng4 21. Rfe1 Qa5
22. Nc4 Qd5 23. Ne5 f5 24. Qc4 Ndf6 25. Bc3 Re7 26. Re2 Ba3 27. Rcc2 Nxe5 28.
fxe5 Nxh5 29. Qa4 Bc5 30. dxc5 Qd1+ 31. Be1 Rdd7 32. Qc4 Ng7 33. Rc1 Qd5 34.
Bxg3 1-0

[Event "Gibraltar ChallWk1 13th"]
[Site "Gibraltar"]
[Date "2015.01.27"]
[Round "2.19"]
[White "Varga, Klara"]
[Black "Bengtsson, Jessica"]
[Result "1-0"]
[WhiteElo "2145"]
[BlackElo "1971"]
[PlyCount "103"]
[EventDate "2015.01.26"]
[EventType "swiss"]
[EventRounds "5"]
[EventCountry "GGB"]
[SourceTitle "BritBase"]
[Source "www.saund.co.uk"]
[SourceDate "2018.02.10"]
[SourceVersion "1"]
[SourceVersionDate "2018.02.10"]
[SourceQuality "1"]

1. c4 e6 2. g3 d5 3. Bg2 Nf6 4. Nf3 Be7 5. O-O O-O 6. b3 c5 7. Bb2 d4 8. b4 a5
9. bxc5 Nc6 10. d3 Bxc5 11. Ba3 Qe7 12. Bxc5 Qxc5 13. Nbd2 a4 14. Rb1 Ra5 15.
Ne1 e5 16. Nc2 Rd8 17. Qc1 Bg4 18. Re1 Qe7 19. h3 Bf5 20. Qa3 Qd7 21. Kh2 h5
22. Rb6 h4 23. Rh1 hxg3+ 24. fxg3 Ra7 25. Nb4 Na5 26. Rb5 Qc7 27. Rf1 Bd7 28.
Nd5 Nxd5 29. Bxd5 Be8 30. Ne4 b6 31. Ng5 Qd6 32. Qc1 Rc8 33. Ne4 Qg6 34. Rb1
Nb7 35. Qg5 Qxg5 36. Nxg5 Nc5 37. Rxb6 a3 38. Rfb1 Na4 39. Rb8 Rac7 40. Rxc8
Rxc8 41. Ne4 Rd8 42. Rb3 Kf8 43. Rxa3 f5 44. Ng5 Rb8 45. Ne6+ Ke7 46. Nxg7 Bd7
47. Nxf5+ Kf6 48. Nd6 Nc3 49. Ne4+ Nxe4 50. Bxe4 Rb2 51. Ra6+ Ke7 52. Bf3 1-0

[Event "Gibraltar ChallWk1 13th"]
[Site "Gibraltar"]
[Date "2015.01.27"]
[Round "2.20"]
[White "Agbabishvili, Lali"]
[Black "Recklingloh, Frank"]
[Result "1-0"]
[WhiteElo "1978"]
[BlackElo "2133"]
[PlyCount "63"]
[EventDate "2015.01.26"]
[EventType "swiss"]
[EventRounds "5"]
[EventCountry "GGB"]
[SourceTitle "BritBase"]
[Source "www.saund.co.uk"]
[SourceDate "2018.02.10"]
[SourceVersion "1"]
[SourceVersionDate "2018.02.10"]
[SourceQuality "1"]

1. Nf3 d6 2. g3 g6 3. Bg2 Bg7 4. O-O c5 5. d4 cxd4 6. Nxd4 Qb6 7. c3 Nc6 8.
Nxc6 bxc6 9. Na3 Ba6 10. Be3 Qb7 11. Qb3 Nh6 12. Qxb7 Bxb7 13. Nb5 O-O 14. Nxa7
d5 15. Bc5 Rfe8 16. a4 Rab8 17. Rac1 Bf8 18. b4 e6 19. Bxf8 Rxf8 20. b5 cxb5
21. axb5 Ra8 22. Ra1 Rfb8 23. e4 Ng4 24. exd5 exd5 25. Rfe1 Kf8 26. h3 Nf6 27.
Red1 Ke7 28. c4 Kd6 29. cxd5 Bxd5 30. Ra6+ Kc5 31. Bxd5 Nxd5 32. Rc6+ 1-0

[Event "Gibraltar ChallWk1 13th"]
[Site "Gibraltar"]
[Date "2015.01.27"]
[Round "2.21"]
[White "Kuhne, Detlev"]
[Black "Othman, Mustapha"]
[Result "1-0"]
[WhiteElo "2131"]
[BlackElo "1968"]
[PlyCount "77"]
[EventDate "2015.01.26"]
[EventType "swiss"]
[EventRounds "5"]
[EventCountry "GGB"]
[SourceTitle "BritBase"]
[Source "www.saund.co.uk"]
[SourceDate "2018.02.10"]
[SourceVersion "1"]
[SourceVersionDate "2018.02.10"]
[SourceQuality "1"]

1. c4 Nf6 2. g3 d5 3. cxd5 Nxd5 4. Bg2 e5 5. Nf3 Nc6 6. O-O e4 7. Ne1 Bf5 8. d3
Qe7 9. Qb3 O-O-O 10. Nc3 Nd4 11. Nxd5 Qc5 12. Qd1 Qxd5 13. Be3 Bc5 14. b4 Bb6
15. a4 a5 16. bxa5 Bxa5 17. Rb1 Qa2 18. Bxd4 Rxd4 19. Rb5 Rd5 20. Rxd5 Qxd5 21.
Nc2 Qe5 22. Qb1 c6 23. d4 Qd6 24. Ne3 Be6 25. Qxe4 Rd8 26. d5 Bxd5 27. Nxd5
Qxd5 28. Qxh7 Qe5 29. e3 Kc7 30. h4 Bb6 31. Qc2 Ba5 32. Rb1 Rd6 33. Qb3 b6 34.
Qxf7+ Rd7 35. Qc4 Qc3 36. Qxc3 Bxc3 37. Rc1 Ba5 38. Rxc6+ Kd8 39. Re6 1-0

[Event "Gibraltar ChallWk1 13th"]
[Site "Gibraltar"]
[Date "2015.01.27"]
[Round "2.22"]
[White "Machlik, Edit"]
[Black "Vinas Guerrero, Carlos A"]
[Result "1-0"]
[WhiteElo "1914"]
[BlackElo "2127"]
[PlyCount "101"]
[EventDate "2015.01.26"]
[EventType "swiss"]
[EventRounds "5"]
[EventCountry "GGB"]
[SourceTitle "BritBase"]
[Source "www.saund.co.uk"]
[SourceDate "2018.02.10"]
[SourceVersion "1"]
[SourceVersionDate "2018.02.10"]
[SourceQuality "1"]

1. d4 d5 2. c4 e6 3. Nc3 Nf6 4. cxd5 exd5 5. Bg5 Bb4 6. e3 h6 7. Bh4 g5 8. Bg3
Ne4 9. Nge2 h5 10. h4 Nxg3 11. Nxg3 g4 12. Qb3 Nc6 13. a3 Ba5 14. Bd3 Ne7 15.
Qc2 Be6 16. b4 Bb6 17. Nce2 Ng8 18. Nf4 Nf6 19. Bf5 Qd7 20. Bxe6 fxe6 21. Qg6+
Qf7 22. Qxf7+ Kxf7 23. Nd3 c6 24. f4 gxf3 25. gxf3 Bc7 26. Kf2 Rag8 27. Rag1
Nd7 28. Nc5 Nxc5 29. bxc5 Rh7 30. Ne2 Rxg1 31. Rxg1 Bd8 32. Rh1 Be7 33. Nf4 b6
34. Nd3 bxc5 35. dxc5 Ke8 36. Kg3 Kd7 37. a4 Kc7 38. a5 Rg7+ 39. Kh3 Rg8 40.
Rc1 Rf8 41. Nf4 Kd7 42. Rb1 Bd8 43. Rb7+ Kc8 44. Rxa7 e5 45. Ne6 Rxf3+ 46. Kg2
Rxe3 47. Ra8+ Kd7 48. Nxd8 Rc3 49. Nb7 Rc2+ 50. Kf3 e4+ 51. Ke3 1-0

[Event "Gibraltar ChallWk1 13th"]
[Site "Gibraltar"]
[Date "2015.01.27"]
[Round "2.23"]
[White "Maloberti, David"]
[Black "Algars, Olle"]
[Result "1-0"]
[WhiteElo "2108"]
[BlackElo "1960"]
[PlyCount "45"]
[EventDate "2015.01.26"]
[EventType "swiss"]
[EventRounds "5"]
[EventCountry "GGB"]
[SourceTitle "BritBase"]
[Source "www.saund.co.uk"]
[SourceDate "2018.02.10"]
[SourceVersion "1"]
[SourceVersionDate "2018.02.10"]
[SourceQuality "1"]

1. d4 Nf6 2. c4 c5 3. d5 b5 4. cxb5 a6 5. bxa6 g6 6. Nc3 Bxa6 7. g3 d6 8. Bg2
Bg7 9. Nf3 O-O 10. O-O Nbd7 11. h3 Nb6 12. Re1 Nfd7 13. Kh2 Nc4 14. e4 Qa5 15.
Qc2 Na3 16. Qd1 Rfb8 17. e5 Nxe5 18. Nxe5 Bxe5 19. Rxe5 dxe5 20. d6 Ra7 21. Nd5
Nb5 22. dxe7 Kg7 23. Bd2 1-0

[Event "Gibraltar ChallWk1 13th"]
[Site "Gibraltar"]
[Date "2015.01.27"]
[Round "2.24"]
[White "Machlik, Monika"]
[Black "Rios Gonzalez, Jose Antonio"]
[Result "0-1"]
[WhiteElo "2015"]
[BlackElo "1933"]
[PlyCount "76"]
[EventDate "2015.01.26"]
[EventType "swiss"]
[EventRounds "5"]
[EventCountry "GGB"]
[SourceTitle "BritBase"]
[Source "www.saund.co.uk"]
[SourceDate "2018.02.10"]
[SourceVersion "1"]
[SourceVersionDate "2018.02.10"]
[SourceQuality "1"]

1. d4 Nf6 2. c4 c5 3. d5 b5 4. Qc2 d6 5. e4 g6 6. cxb5 Bg7 7. Nf3 O-O 8. Nc3 a6
9. a4 axb5 10. Bxb5 Na6 11. O-O Nb4 12. Qe2 Bb7 13. Bg5 Ne8 14. Ne1 h6 15. Be3
Nc7 16. Bc4 e6 17. dxe6 fxe6 18. Qg4 Qf6 19. Rd1 Rad8 20. e5 Qxe5 21. Qxg6 Rf6
22. Qg4 Nca6 23. Bd3 d5 24. Bc1 Rdf8 25. Bb1 Qc7 26. Nd3 e5 27. Nb5 Qe7 28.
Rde1 e4 29. Nf4 Qf7 30. g3 Bc8 31. Qe2 c4 32. Nc3 Nc5 33. Rd1 Ncd3 34. Nxd3
cxd3 35. Qe3 Rf3 36. Qc5 Bh3 37. Be3 Rxg3+ 38. hxg3 Qf3 0-1

[Event "Gibraltar ChallWk1 13th"]
[Site "Gibraltar"]
[Date "2015.01.27"]
[Round "2.25"]
[White "Burke, Mitchell R"]
[Black "Ibarra Jerez, Juan Miguel"]
[Result "0-1"]
[WhiteElo "1928"]
[BlackElo "2238"]
[PlyCount "92"]
[EventDate "2015.01.26"]
[EventType "swiss"]
[EventRounds "5"]
[EventCountry "GGB"]
[SourceTitle "BritBase"]
[Source "www.saund.co.uk"]
[SourceDate "2018.02.10"]
[SourceVersion "1"]
[SourceVersionDate "2018.02.10"]
[SourceQuality "1"]

1. e4 g6 2. Nc3 Bg7 3. f4 c5 4. Nf3 Nc6 5. Bb5 Nd4 6. O-O Nxb5 7. Nxb5 d5 8. e5
Nh6 9. d4 cxd4 10. Nbxd4 Bg4 11. h3 Bxf3 12. Qxf3 O-O 13. Be3 e6 14. g4 Kh8 15.
Qg3 Qc7 16. Rf2 Rae8 17. Nf3 f6 18. Bd4 fxe5 19. Nxe5 Nf7 20. Qe3 Nd6 21. Rc1
Ne4 22. Rff1 g5 23. Nd3 gxf4 24. Bxg7+ Qxg7 25. Rxf4 Rxf4 26. Qxf4 Rf8 27. Qe5
Rf3 28. Rf1 Qxe5 29. Nxe5 Rxf1+ 30. Kxf1 Kg7 31. Ke2 Kf6 32. Nf3 Ng5 33. h4
Nxf3 34. Kxf3 b5 35. b4 Ke5 36. c3 Kf6 37. Kf4 e5+ 38. Ke3 Ke6 39. Kd3 e4+ 40.
Kd2 Ke5 41. Ke3 a6 42. a3 h6 43. h5 Ke6 44. Kf4 Kf6 45. Kg3 Kg5 46. Kh3 Kf4 0-1

[Event "Gibraltar ChallWk1 13th"]
[Site "Gibraltar"]
[Date "2015.01.27"]
[Round "2.26"]
[White "Dolzhikova, Olga"]
[Black "Nwoye, Nnamdi"]
[Result "1-0"]
[WhiteElo "2194"]
[BlackElo "2015"]
[PlyCount "71"]
[EventDate "2015.01.26"]
[EventType "swiss"]
[EventRounds "5"]
[EventCountry "GGB"]
[SourceTitle "BritBase"]
[Source "www.saund.co.uk"]
[SourceDate "2018.02.10"]
[SourceVersion "1"]
[SourceVersionDate "2018.02.10"]
[SourceQuality "1"]

1. e4 c5 2. c3 g6 3. d4 cxd4 4. cxd4 d5 5. e5 Nc6 6. Nc3 Bg7 7. Bb5 Nh6 8. Nge2
O-O 9. O-O Bg4 10. f3 Bc8 11. Bf4 f6 12. Qd2 Nf7 13. exf6 Bxf6 14. Rfe1 Nd6 15.
Rad1 Nf5 16. Bg5 e6 17. Bxf6 Qxf6 18. Bxc6 bxc6 19. Nc1 Ba6 20. Nb3 Rae8 21.
Nc5 Bc8 22. Qf4 Re7 23. Re5 h5 24. Rde1 Rff7 25. Ne2 g5 26. Qd2 Rg7 27. Ng3
Nxg3 28. hxg3 g4 29. Rf1 gxf3 30. Rxf3 Qg6 31. Nd3 Qg4 32. Nf4 h4 33. Nh5 Rg6
34. Rf4 Qxf4 35. Qxf4 hxg3 36. Rg5 1-0

[Event "Gibraltar ChallWk1 13th"]
[Site "Gibraltar"]
[Date "2015.01.27"]
[Round "2.28"]
[White "Adewole, Adeyinka"]
[Black "Pena Riasco, Alexander"]
[Result "0-1"]
[WhiteElo "1962"]
[BlackElo "2181"]
[PlyCount "124"]
[EventDate "2015.01.26"]
[EventType "swiss"]
[EventRounds "5"]
[EventCountry "GGB"]
[SourceTitle "BritBase"]
[Source "www.saund.co.uk"]
[SourceDate "2018.02.10"]
[SourceVersion "1"]
[SourceVersionDate "2018.02.10"]
[SourceQuality "1"]

1. d4 d5 2. Nf3 Nf6 3. e3 Bf5 4. c4 e6 5. c5 Nbd7 6. Nc3 Be7 7. b4 O-O 8. Bb2
c6 9. Be2 h6 10. Ne5 Qc7 11. f4 Ne4 12. O-O Nxc3 13. Bxc3 Nf6 14. g4 Bh7 15. h4
Ne4 16. Be1 f6 17. Nd3 Qd7 18. Kg2 Bd8 19. Nf2 Bc7 20. Bd3 Nxf2 21. Bxf2 Bxd3
22. Qxd3 e5 23. Kg3 Rae8 24. Rae1 Rf7 25. Qg6 Re6 26. f5 Re8 27. Kg2 Rff8 28.
Bg3 Re7 29. g5 Kh8 30. dxe5 Bxe5 31. Rf3 Bxg3 32. Rxg3 fxg5 33. hxg5 Qxf5 34.
Qxf5 Rxf5 35. gxh6 gxh6 36. Rh1 Kh7 37. Rh4 Rg7 38. e4 Rfg5 39. Rxg5 Rxg5+ 40.
Kf3 Kg7 41. exd5 Rxd5 42. Rg4+ Kf7 43. Ke4 h5 44. Rg2 Kf6 45. Rf2+ Kg6 46. a3
a5 47. Rb2 axb4 48. axb4 Rg5 49. Rb3 h4 50. Kf4 Kh5 51. Rb1 h3 52. b5 h2 53.
Rh1 Rg2 54. bxc6 bxc6 55. Ke5 Rd2 56. Rxh2+ Rxh2 57. Kd6 Kg6 58. Kxc6 Kf7 59.
Kd7 Rd2+ 60. Kc6 Ke7 61. Kb6 Rc2 62. Kc6 Kd8 0-1